000 00702nam a2200253Ia 4500
003 OSt
005 20220925223022.0
006 a|||||r|||| 00| 0
007 ta
008 220923b |||||||| |||| 00| 0 eng d
020 _a0415075718
037 _cGeneral Book
040 _aRTL
_cRTL
_beng
041 _2eng
_aeng
082 _aXb4, N3
100 _aMaki Uskali Ed.
_9250354
245 0 _aRationality institutions and economic methodology
260 _aLondon
_bRoutledge
_c1993
300 _axi; 312p
_ccm.
490 _aEconomics as Social Theory
500 _aBibliography chapterwise
942 _hXb4, N3
_cGB
_2CC
999 _c578387
_d578387